000 00264nam a2200097Ia 4500
008 190216s9999||||xx |||||||||||||| ||und||
100 _aBirjadish Prasad
245 0 _aBack Ground To The Study Of English Literature
260 _bMac Millian And Com. Ltd
942 _cBK
999 _c11998
_d11998